Bal Ganesh 2 / (Record no. 55643)

MARC details
000 -LEADER
fixed length control field 03254nam a22005057a 4500
005 - DATE AND TIME OF LATEST TRANSACTION
control field 20110818170518.0
007 - PHYSICAL DESCRIPTION FIXED FIELD--GENERAL INFORMATION
fixed length control field vc cvaizu
008 - FIXED-LENGTH DATA ELEMENTS--GENERAL INFORMATION
fixed length control field 110121s2009 ii 076 j vchin
010 ## - LIBRARY OF CONGRESS CONTROL NUMBER
LC control number DVD-007432-440
024 ## - OTHER STANDARD IDENTIFIER
Standard number or code 8904036846767
Terms of availability 199.00
035 ## - SYSTEM CONTROL NUMBER
System control number DVD-007432-440
040 ## - CATALOGING SOURCE
Original cataloging agency DLC
Transcribing agency DLC
Modifying agency DLC
Description conventions amim
082 ## - DEWEY DECIMAL CLASSIFICATION NUMBER
Classification number DVD BALG
245 00 - TITLE STATEMENT
Title Bal Ganesh 2 /
Statement of responsibility, etc Shemaroo Entertainment presents in association with Astute Media Vision ; producers, Smita Maroo & Pankaj Sharma ; story, screenplay, dialogues & direction, Pankaj Sharma
257 ## - COUNTRY OF PRODUCING ENTITY FOR ARCHIVAL FILMS
Country of producing entity India
260 ## - PUBLICATION, DISTRIBUTION, ETC. (IMPRINT)
Place of publication, distribution, etc Mumbai :
Name of publisher, distributor, etc Shemaroo Entertainment,
Date of publication, distribution, etc 2009.
300 ## - PHYSICAL DESCRIPTION
Extent 1 videodisc of 1 (DVD) (ca. 76 min.) :
Other physical details sd., col. ;
Dimensions 4 3/4 in.
Materials specified viewing copy.
306 ## - PLAYING TIME
Playing time ca. 76 min
500 ## - GENERAL NOTE
General note Copyright notice on title screen: Shemaroo Entertainment Pvt. Ltd.
500 ## - GENERAL NOTE
General note "Free stickers, magnetic stick-on & magic trick pad with every DVD"--Container.
508 ## - CREATION/PRODUCTION CREDITS NOTE
Creation/production credits note Lyrics, Rajendra Mehta ... [et al.]; music director, Shamir Tandon, Sanjay Dhakan.
520 ## - SUMMARY, ETC.
Summary, etc Animated film on the child life of Ganesh, Hindu deity.
538 ## - SYSTEM DETAILS NOTE
System details note All Regions; 5.1 Dolby Digital; Anamorphic widescreen DVD
538 ## - SYSTEM DETAILS NOTE
System details note NTSC Colour
546 ## - LANGUAGE NOTE
Language note In Hindi.
650 #0 - SUBJECT ADDED ENTRY--TOPICAL TERM
Topical term or geographic name as entry element Ganesˁa (Hindu deity)
Form subdivision Drama.
9 (RLIN) 33118
655 #0 - INDEX TERM--GENRE/FORM
Genre/form data or focus term Animated films.
-- 33119
655 #0 - INDEX TERM--GENRE/FORM
Genre/form data or focus term Feature films.
-- 33120
700 1# - ADDED ENTRY--PERSONAL NAME
Personal name Sharma, Pankaj,
Relator term direction,
-- production,
-- writing.
9 (RLIN) 33121
700 1# - ADDED ENTRY--PERSONAL NAME
Personal name Maroo, Smita,
Relator term production.
9 (RLIN) 33122
700 1# - ADDED ENTRY--PERSONAL NAME
Personal name Tandon, Shamir,
Relator term music.
9 (RLIN) 33123
710 2# - ADDED ENTRY--CORPORATE NAME
Corporate name or jurisdiction name as entry element Shemaroo Entertainment (Firm)
9 (RLIN) 33124
942 ## - ADDED ENTRY ELEMENTS (KOHA)
Source of classification or shelving scheme Dewey Decimal Classification
Item type CD-ROMs, DVDs, VHS
Classification part DVD
Suppress in OPAC BALG
Holdings
Withdrawn status Lost status Source of classification or shelving scheme Damaged status Not for loan Collection code Home library Current library Date acquired Source of acquisition Cost, normal purchase price Total Checkouts Total Renewals Full call number Barcode Date last seen Date last borrowed Copy number Cost, replacement price Price effective from Koha item type
    Dewey Decimal Classification     Fiction Central Library Central Library 18/08/2011 Pioneer/1226/28.3.11 199.00 4 1 DVD DVD-007432 06/08/2013 29/07/2013 1 199.00 18/08/2011 CD-ROMs, DVDs, VHS
    Dewey Decimal Classification     Fiction Janak Puri Janak Puri 18/08/2011 Pioneer/1226/28.3.11 199.00 5   DVD DVD-007434 20/12/2013 25/11/2013 1 199.00 18/08/2011 CD-ROMs, DVDs, VHS
    Dewey Decimal Classification     Fiction Karol Bagh Karol Bagh 18/08/2011 Pioneer/1226/28.3.11 199.00 3   DVD DVD-007438 22/10/2014 15/09/2014 1 199.00 18/08/2011 CD-ROMs, DVDs, VHS
    Dewey Decimal Classification     Fiction Narela Narela 18/08/2011 Pioneer/1226/28.3.11 199.00 1   DVD DVD-007439 07/10/2012 29/09/2012 1 199.00 18/08/2011 CD-ROMs, DVDs, VHS
    Dewey Decimal Classification     Fiction Patel Nagar Patel Nagar 18/08/2011 Pioneer/1226/28.3.11 199.00 3 1 DVD DVD-007433 15/07/2015 08/07/2015 1 199.00 18/08/2011 CD-ROMs, DVDs, VHS
    Dewey Decimal Classification     Fiction R.K.Puram-8 R.K.Puram-8 18/08/2011 Pioneer/1226/28.3.11 199.00 3   DVD DVD-007436 01/11/2017 14/10/2017 1 199.00 18/08/2011 CD-ROMs, DVDs, VHS
    Dewey Decimal Classification     Fiction Sarojini Nagar Sarojini Nagar 18/08/2011 Pioneer/1226/28.3.11 199.00 9 2 DVD DVD-007435 08/09/2014 20/08/2014 1 199.00 18/08/2011 CD-ROMs, DVDs, VHS
    Dewey Decimal Classification     Fiction Shahdara Branch Shahdara Branch 18/08/2011 Pioneer/1226/28.3.11 199.00     DVD DVD-007440 18/08/2011   1 199.00 18/08/2011 CD-ROMs, DVDs, VHS
    Dewey Decimal Classification     Fiction Vinoba Puri Vinoba Puri 18/08/2011 Pioneer/1226/28.3.11 199.00 4   DVD DVD-007437 14/05/2015 06/05/2015 1 199.00 18/08/2011 CD-ROMs, DVDs, VHS

© Delhi Public Library
Hit Counter
free hit counter